Kadra reprezentacji Hiszpanii na Euro 2024 - Statystyki

Ogólne statystyki
  • Ten quiz został rozwiązany 1 227 razy
  • Średni wynik to 16 z 26
Statystyki odpowiedzi
Zawodnik Pozycja Klub % Poprawnych
Lamine Yamal Napastnik FC Barcelona
91%
Unai Simón Bramkarz Athletic Bilbao
89%
Pedri Pomocnik FC Barcelona
88%
David Raya Bramkarz Arsenal
85%
Rodri Pomocnik Manchester City
81%
Nico Williams Napastnik Athletic Bilbao
80%
Dani Carvajal Obrońca Real Madryt
77%
Dani Olmo Napastnik RB Lipsk
77%
Aymeric Laporte Obrońca Al-Nassr
74%
Marc Cucurella Obrońca Chelsea
71%
Álvaro Morata Napastnik Atlético Madryt
69%
Fabián Ruiz Pomocnik Paris Saint-Germain
69%
Ferran Torres Napastnik FC Barcelona
67%
Alejandro Grimaldo Obrońca Bayer Leverkusen
64%
Mikel Oyarzabal Napastnik Real Sociedad
60%
Nacho Obrońca Real Madryt
52%
Álex Remiro Bramkarz Real Sociedad
51%
Joselu Napastnik Real Madryt
51%
Mikel Merino Pomocnik Real Sociedad
50%
Jesús Navas Obrońca Sevilla
46%
Robin Le Normand Obrońca Real Sociedad
45%
Fermín López Pomocnik FC Barcelona
44%
Martín Zubimendi Pomocnik Real Sociedad
43%
Dani Vivian Obrońca Athletic Bilbao
30%
Álex Baena Pomocnik Villarreal
26%
Ayoze Pérez Napastnik Real Betis
18%
Nie znaleziono quizów pasujących do podanych kryteriów
Rozkład punktacji
Procent ludzi z każdym wynikiem
Percentyl według liczby udzielonych odpowiedzi
Twoja historia wyników
Nie rozwiązałeś tego quizu